Beef production and management

Bewaard in:
Bibliografische gegevens
Hoofdauteur: Minish, Gary
Formaat: Boek
Taal:Undetermined
Gepubliceerd in: Reston Reston Pub. Co. 1982
Onderwerpen:
Tags: Voeg label toe
Geen labels, Wees de eerste die dit record labelt!
Thư viện lưu trữ: Trung tâm Học liệu Trường Đại học Cần Thơ
LEADER 00474nam a2200181Ia 4500
001 CTU_126112
008 210402s9999 xx 000 0 und d
082 |a 636.213 
082 |b M665 
100 |a Minish, Gary 
245 0 |a Beef production and management 
245 0 |c Gary Minish, Danny Fox 
260 |a Reston 
260 |b Reston Pub. Co. 
260 |c 1982 
650 |a Beef cattle 
904 |i Nguyên 
980 |a Trung tâm Học liệu Trường Đại học Cần Thơ